Statistiken für Top 15 Länder mit Covid-19-Todesfällen - 4. Januar

Klicken Sie hier um das Quiz zu spielen!

Allgemein

  • Dieses Quiz wurde 19 mal gespielt
  • Das Durchschnittsergebnis liegt bei 14 aus 23

Antwortstatistiken

Land% Korrekt
Mexiko
100%
Russland
100%
Vereinigte Staaten
100%
Deutschland
94%
Italien
94%
Brasilien
83%
Frankreich
83%
Indien
83%
Spanien
83%
Vereinigtes Königreich
78%
Argentinien
56%
Belgien
56%
Iran
56%
Peru
50%
Kolumbien
44%
Südafrika
44%
Tschechien
33%
Ungarn
33%
Kroatien
28%
Bosnien und
Herzegowina
17%
Bulgarien
17%
Slowenien
17%
Nordmazedonien
11%

Verteilung der Resultate

Perzentil nach korrekt beantworteten Fragen

Anzahl Personen mit jedem Resultat

Ihre Resultats-Entwicklung

Sie haben dieses Quiz noch nicht gespielt